[Event "Titled Tue 1st Jul Early"]
[Site "chess.com INT"]
[Date "2025.07.01"]
[Round "8"]
[White "Nguyen Hong Nhung"]
[Black "Leinov, Roman"]
[Result "1-0"]
[WhiteTitle "WFM"]
[BlackTitle "CM"]
[WhiteElo "2227"]
[BlackElo "2120"]
[WhiteFideId "12412201"]
[BlackFideId "13504649"]
[EventDate "2025.07.01"]

1. e4 c5 2. Nc3 g6 3. f4 Bg7 4. Nf3 Nc6 5. Bc4 e6 6. O-O Nge7 7. d3 d5 8. Bb3
O-O 9. Qe1 Nd4 10. Nxd4 cxd4 11. Ne2 dxe4 12. dxe4 d3 13. Nc3 dxc2 14. Qf2 Nc6
15. Bxc2 b6 16. e5 Bb7 17. Be4 Qe7 18. Be3 Nb4 19. Rfd1 Rfd8 20. Qf3 Bxe4 21.
Qxe4 Rac8 22. a3 Na6 23. Nb5 Bf8 24. b4 Rd7 25. Nd6 Rcd8 26. Rdc1 Nc7 27. Qf3
Nd5 28. Bf2 Rxd6 29. exd6 Qxd6 30. Rd1 Bg7 31. Rac1 a5 32. bxa5 bxa5 33. g3 Rb8
34. Bc5 Qd7 35. Rb1 Rc8 36. Bf2 Qa4 37. Qb3 Qc4 38. Rdc1 Nc3 39. Qxc4 Rxc4 40.
Kg2 Bf6 41. Rb5 1-0

[Event "Titled Tue 1st Jul Early"]
[Site "chess.com INT"]
[Date "2025.07.01"]
[Round "8"]
[White "Zong, Davis"]
[Black "Jalving, August"]
[Result "1-0"]
[WhiteTitle "FM"]
[BlackTitle "FM"]
[WhiteElo "2242"]
[BlackElo "2320"]
[WhiteFideId "30903955"]
[BlackFideId "1471759"]
[EventDate "2025.07.01"]

1. d4 Nf6 2. c4 e6 3. g3 d5 4. Bg2 dxc4 5. Nf3 c5 6. O-O Nc6 7. Qa4 Bd7 8. Qxc4
b5 9. Qd3 Rc8 10. a3 c4 11. Qd1 a5 12. b3 cxb3 13. Qxb3 Be7 14. Nc3 b4 15. Na4
O-O 16. Rd1 Qe8 17. Nb6 Rb8 18. Nxd7 Qxd7 19. axb4 axb4 20. Ne5 Nxe5 21. dxe5
Nd5 22. e4 Qc7 23. exd5 Qxe5 24. Bb2 Qe2 25. Re1 Qh5 26. dxe6 Bc5 27. exf7+ Kh8
28. Qd5 Qxd5 29. Bxd5 Rbd8 30. Rad1 b3 31. Bxb3 Bb4 32. Rxd8 Rxd8 33. Re8+ 1-0

[Event "Titled Tue 1st Jul Early"]
[Site "chess.com INT"]
[Date "2025.07.01"]
[Round "8"]
[White "Ramiro Ovejero, Juan Luis"]
[Black "Zozek Salah Mohammed"]
[Result "1-0"]
[WhiteTitle "IM"]
[BlackTitle "FM"]
[WhiteElo "2334"]
[BlackElo "2205"]
[WhiteFideId "2210436"]
[BlackFideId "4803361"]
[EventDate "2025.07.01"]

1. e4 d5 2. exd5 Qxd5 3. Nc3 Qd8 4. d4 Nf6 5. Nf3 a6 6. a4 Nc6 7. Bc4 Bf5 8. O-O
e6 9. Re1 Nb4 10. Bb3 Be7 11. Ne5 O-O 12. Ne2 c5 13. c3 Nbd5 14. Bg5 cxd4 15.
Nxd4 h6 16. Nxf5 hxg5 17. Nxe7+ Qxe7 18. Bxd5 Nxd5 19. Ng6 fxg6 20. Qxd5 Rf6 21.
Qxg5 Raf8 22. Re2 Qf7 23. Qe3 g5 24. Rf1 g4 25. Qg5 Rg6 26. Qe5 Rf6 27. a5 Qg6
28. Qe4 Qh5 29. b4 Rh6 30. Qe5 Qh4 31. Qg3 Qh5 32. Re5 Rf5 33. Rfe1 Rhf6 34.
Rxe6 Rxf2 35. Qxf2 Rxf2 36. Kxf2 Qxh2 37. R6e3 Qf4+ 38. Kg1 g3 39. Rf3 Qh4 40.
Re8+ Kh7 41. Ree3 Qh2+ 42. Kf1 Qh1+ 43. Ke2 Qxg2+ 44. Kd3 g6 45. Rxg3 Qd5+ 46.
Kc2 Kh6 47. Kb2 g5 48. Re2 b6 49. axb6 Qb5 50. Rh2+ Kg6 51. Rhg2 Qxb6 52. Rxg5+
Kf7 53. Rg7+ Kf8 54. Rg8+ Kf7 55. R2g7+ Kf6 56. Rg6+ 1-0

[Event "Titled Tue 1st Jul Early"]
[Site "chess.com INT"]
[Date "2025.07.01"]
[Round "8"]
[White "Szpar, Milosz"]
[Black "Volovich, Vasily"]
[Result "0-1"]
[WhiteTitle "IM"]
[BlackTitle "FM"]
[WhiteElo "2490"]
[BlackElo "2177"]
[WhiteFideId "1184989"]
[BlackFideId "34169676"]
[EventDate "2025.07.01"]

1. e4 e6 2. d4 d5 3. Nc3 Bb4 4. e5 Ne7 5. a3 Bxc3+ 6. bxc3 c5 7. Qg4 O-O 8. Bd3
f5 9. exf6 Rxf6 10. Bg5 Rf7 11. Qg3 Nbc6 12. Nf3 Qa5 13. Bd2 Nf5 14. Qh3 h6 15.
g4 c4 16. Be2 Nd6 17. g5 e5 18. Qh5 Bf5 19. gxh6 g6 20. Qh4 Ne4 21. Rg1 exd4 22.
cxd4 Nxd2 23. Nxd2 Re8 24. Rg3 Bxc2 25. Ra2 Bd3 26. Re3 Rxe3 27. fxe3 Qc3 28.
Bxd3 Qxd3 29. h7+ Kh8 30. Qh3 c3 31. Nb3 Qb1+ 32. Nc1 Qxc1+ 33. Ke2 c2 34. Qe6
Qd1# 0-1

[Event "Titled Tue 1st Jul Early"]
[Site "chess.com INT"]
[Date "2025.07.01"]
[Round "8"]
[White "Rivera Huerta, Alberto"]
[Black "Mayaud, Raphael"]
[Result "0-1"]
[WhiteTitle "CM"]
[BlackTitle "CM"]
[WhiteElo "1994"]
[BlackElo "2126"]
[WhiteFideId "5106052"]
[BlackFideId "627151"]
[EventDate "2025.07.01"]

1. d4 d5 2. Nf3 c6 3. e3 Nf6 4. Bd3 Bg4 5. h3 Bh5 6. Nbd2 Nbd7 7. O-O e5 8. dxe5
Nxe5 9. Be2 Nxf3+ 10. Nxf3 Be7 11. b3 Ne4 12. Bb2 Bf6 13. Bd4 O-O 14. c4 dxc4
15. Bxc4 Bxd4 16. Qxd4 Bxf3 17. gxf3 Qxd4 18. exd4 Nd2 19. Rfd1 Nxf3+ 20. Kg2
Ng5 21. Re1 Rfe8 22. f3 Ne6 23. Rad1 Rad8 24. Kg3 Kf8 25. d5 cxd5 26. Bxd5 b6
27. Bc6 Rxd1 28. Rxd1 Rd8 29. Re1 Rd2 30. a4 a5 31. Bd5 Rxd5 32. Rc1 Ke7 33. Rc6
Rd6 34. Rc4 Nc5 35. b4 axb4 36. Rxb4 Nd3 37. Rb3 g5 38. Ra3 Nf4 39. a5 Rd2 40.
Kg4 f6 0-1

[Event "Titled Tue 1st Jul Early"]
[Site "chess.com INT"]
[Date "2025.07.01"]
[Round "8"]
[White "Gutman, Gennadi"]
[Black "Gulamirian, Korun"]
[Result "0-1"]
[WhiteTitle "GM"]
[BlackTitle "CM"]
[WhiteElo "2445"]
[BlackElo "1890"]
[WhiteFideId "14102277"]
[BlackFideId "4144899"]
[EventDate "2025.07.01"]

1. e4 c5 2. Nf3 e6 3. c3 d5 4. exd5 Qxd5 5. d4 Nc6 6. Na3 Nf6 7. Nb5 Qd8 8. Bf4
Nd5 9. Bg3 a6 10. Na3 cxd4 11. Nxd4 Bxa3 12. Nxc6 bxc6 13. bxa3 Qa5 14. Rc1 Qxa3
15. Bd3 O-O 16. O-O h6 17. c4 Nb4 18. Bb1 Bb7 19. Be5 f6 20. Rc3 Qa5 21. Bd6
Rfd8 22. c5 Nd5 23. Qd3 f5 24. Rc4 Qb5 25. a4 Qb2 26. Rc2 Qf6 27. Qe2 a5 28. Be5
Qf7 29. Rb2 Ba6 30. Bd3 Bxd3 31. Qxd3 Nb4 32. Qg3 Nd3 33. Rd2 f4 0-1

[Event "Titled Tue 1st Jul Early"]
[Site "chess.com INT"]
[Date "2025.07.01"]
[Round "8"]
[White "Grot, Blazej"]
[Black "Torres Rebolledo, Alvaro"]
[Result "1-0"]
[WhiteTitle "CM"]
[BlackTitle "FM"]
[WhiteElo "2207"]
[BlackElo "2319"]
[WhiteFideId "21835845"]
[BlackFideId "54587670"]
[EventDate "2025.07.01"]

1. e4 d6 2. d4 Nf6 3. Nc3 e5 4. Nf3 Nbd7 5. g4 Nxg4 6. Rg1 Ngf6 7. Bc4 exd4 8.
Qxd4 Nb6 9. Bb3 c5 10. Qd3 h6 11. e5 c4 12. Qe2 Nh7 13. exd6+ Be6 14. Nd4 Qxd6
15. Ncb5 Qd7 16. Nxe6 fxe6 17. Bxc4 Nxc4 18. Qxc4 Rc8 19. Qe2 Bc5 20. Nc3 Rf8
21. Be3 Bxe3 22. Qxe3 Ng5 23. f4 Nf7 24. Rxg7 Qd8 25. Qxe6+ Qe7 26. Qxe7+ Kxe7
27. O-O-O Kf6 28. Rdg1 Nh8 29. Rxb7 Rf7 30. Nd5+ Ke6 31. Rxf7 Nxf7 32. Nc3 Rc4
33. Rf1 Kf5 34. Kd2 Nd6 35. Kd3 Rc8 36. Nd5 Rd8 37. c4 Ne4 38. b3 Nc5+ 39. Kd4
Ne6+ 40. Ke3 Nc5 41. Rg1 Re8+ 42. Kf3 Ne6 43. Re1 Nd4+ 44. Kf2 Rg8 45. Re5+ Kg4
46. Re7 Kh3 47. Rxa7 Rg2+ 48. Ke3 Nf5+ 49. Ke4 Nd6+ 50. Ke5 Ne8 51. Rh7 1-0

[Event "Titled Tue 1st Jul Early"]
[Site "chess.com INT"]
[Date "2025.07.01"]
[Round "8"]
[White "Karvatskyi, Oleksii"]
[Black "Rustemov, Alexander"]
[Result "1/2-1/2"]
[WhiteTitle "CM"]
[BlackTitle "GM"]
[WhiteElo "2258"]
[BlackElo "2525"]
[WhiteFideId "14191059"]
[BlackFideId "4119002"]
[EventDate "2025.07.01"]

1. Nc3 d5 2. e4 d4 3. Nce2 e5 4. c3 c5 5. Ng3 Be6 6. Nf3 Nd7 7. Bb5 Bd6 8. O-O
a6 9. Bxd7+ Qxd7 10. b4 b6 11. bxc5 bxc5 12. cxd4 cxd4 13. d3 f6 14. Nh4 Ne7 15.
f4 O-O 16. f5 Bf7 17. Qg4 Kh8 18. Nh5 Bxh5 19. Qxh5 Qe8 20. Qg4 Rc8 21. Qh3 Rc2
22. Rb1 Qf7 23. Rb7 Rc7 24. Rxc7 Bxc7 25. Ba3 Kg8 26. Rc1 Ba5 27. Rc2 Rc8 28.
Ng6 hxg6 29. fxg6 Qxg6 30. Qe6+ Kh7 31. Rxc8 Nxc8 32. Qxc8 Qh5 33. g4 Qh3 34.
Qf5+ Kg8 35. Qe6+ Kh7 36. Qf5+ Kh8 37. Qc8+ Kh7 38. Qf5+ 1/2-1/2

[Event "Titled Tue 1st Jul Early"]
[Site "chess.com INT"]
[Date "2025.07.01"]
[Round "8"]
[White "Li, Yilin"]
[Black "Fernandez, Maria Florencia"]
[Result "0-1"]
[WhiteTitle "WFM"]
[BlackTitle "WIM"]
[WhiteElo "1922"]
[BlackElo "2163"]
[WhiteFideId "8610410"]
[BlackFideId "116459"]
[EventDate "2025.07.01"]

1. e4 c5 2. Nf3 d6 3. c3 Nf6 4. Be2 g6 5. O-O Bg7 6. Re1 O-O 7. Bf1 Nc6 8. h3 e5
9. d4 cxd4 10. cxd4 Nh5 11. d5 Ne7 12. Nc3 Nf4 13. Bxf4 exf4 14. Qd2 Bh6 15. Ne2
g5 16. Nh2 Ng6 17. Ng4 Bg7 18. f3 h5 19. Nf2 g4 20. hxg4 hxg4 21. Nxf4 g3 22.
N2d3 Qh4 23. Nh3 Bd4+ 24. Kh1 f6 25. Nf4 Nxf4 26. Qxf4 Qxf4 27. Nxf4 Kf7 28. Re2
Rh8+ 29. Nh3 Bd7 30. Rd2 Be3 31. Re2 Bf2 32. Rd1 Rac8 33. Red2 Rc7 34. f4 Be3
35. Rd3 Bxf4 36. Rf3 Bg4 37. Be2 Bxf3 38. Bxf3 Be5 39. Kg1 Rhc8 40. b3 Rc1 41.
Kf1 Rxd1+ 42. Bxd1 Rc1 43. Ke1 Ra1 44. a4 Ra2 45. Bf3 Rb2 46. Ng1 Rxb3 47. Ne2
Ra3 48. Kd2 Rxa4 49. Ke3 Ra3+ 50. Kd2 a5 51. Nc1 a4 52. Kc2 Rc3+ 53. Kb1 a3 54.
Na2 Rb3+ 55. Kc2 Rb2+ 0-1

[Event "Titled Tue 1st Jul Early"]
[Site "chess.com INT"]
[Date "2025.07.01"]
[Round "8"]
[White "Miserendino, Alfredo"]
[Black "Weerasekara, Dishal Nimsara"]
[Result "0-1"]
[BlackTitle "FM"]
[WhiteElo "2032"]
[BlackElo "2104"]
[WhiteFideId "101800"]
[BlackFideId "9997431"]
[EventDate "2025.07.01"]

1. e4 c6 2. d4 d5 3. Nc3 dxe4 4. Nxe4 Nf6 5. Nxf6+ exf6 6. c3 Bd6 7. Bd3 O-O 8.
Qc2 Re8+ 9. Be3 h5 10. O-O-O Nd7 11. Ne2 b5 12. Nf4 Bxf4 13. Bxf4 Nb6 14. Rhe1
Be6 15. Kb1 a5 16. h4 a4 17. Bf5 Qd5 18. Bxe6 Rxe6 19. Rxe6 Qxe6 20. Bd2 Re8 21.
Qd3 Nc4 22. Bc1 Qd5 23. g3 g6 24. Bd2 f5 25. Re1 Re4 26. Rxe4 Qxe4 27. Kc2 Qxd3+
28. Kxd3 Nxb2+ 29. Ke2 Kf8 30. Bg5 Ke8 31. Kd2 Kd7 32. Kc2 Nc4 33. Kd3 Ke6 34.
Bc1 Kd5 35. f3 Na5 36. Bg5 Nb7 37. Be7 c5 38. dxc5 Nxc5+ 39. Kc2 Kc4 40. Bxc5
Kxc5 41. Kd3 Kd5 42. a3 Kc5 43. f4 Kd5 44. Ke3 Kc4 45. Kd2 Kb3 46. Kd3 Kxa3 47.
Kd4 Kb3 0-1

[Event "Titled Tue 1st Jul Early"]
[Site "chess.com INT"]
[Date "2025.07.01"]
[Round "8"]
[White "Yalcinkaya, Efe"]
[Black "Chan, Yi Ren Daniel"]
[Result "0-1"]
[WhiteTitle "CM"]
[BlackTitle "FM"]
[WhiteElo "2225"]
[BlackElo "2309"]
[WhiteFideId "44506619"]
[BlackFideId "5801583"]
[EventDate "2025.07.01"]

1. d4 Nf6 2. Nf3 d5 3. c4 c6 4. cxd5 cxd5 5. Qc2 Nc6 6. Nc3 a6 7. Bf4 Bg4 8. e3
e6 9. Be2 Bd6 10. Bxd6 Qxd6 11. O-O O-O 12. a3 Rac8 13. Rfc1 h6 14. Na4 Nxd4 15.
Qd3 Nxe2+ 16. Qxe2 Ne4 17. h3 Bh5 18. g4 Bg6 19. b4 b5 20. Nb2 f5 21. Rxc8 Rxc8
22. Nd3 Nc3 23. Qd2 fxg4 24. hxg4 Ne4 25. Qe2 Rf8 26. Nde5 Bh7 27. Rc1 Ng5 28.
Nxg5 Qxe5 29. Nxh7 Kxh7 30. Qd3+ Kh8 31. f4 Qb2 32. Rc7 Qa1+ 33. Kg2 Qe1 34. Qg6
Qe2+ 35. Kh1 Qf3+ 36. Kh2 Qf2+ 37. Kh1 Rg8 38. Qxe6 d4 39. exd4 Qf1+ 40. Kh2
Qxf4+ 41. Kh3 Qxc7 0-1

[Event "Titled Tue 1st Jul Early"]
[Site "chess.com INT"]
[Date "2025.07.01"]
[Round "8"]
[White "Gajic, Mladen"]
[Black "Zakrzewski, Marek"]
[Result "0-1"]
[WhiteTitle "FM"]
[BlackTitle "FM"]
[WhiteElo "2246"]
[BlackElo "2288"]
[WhiteFideId "1709178"]
[BlackFideId "1170694"]
[EventDate "2025.07.01"]

1. d4 d5 2. Nf3 Nc6 3. e3 Bg4 4. c4 e5 5. cxd5 Qxd5 6. Nc3 Bb4 7. Be2 exd4 8.
exd4 Nge7 9. O-O Bxc3 10. bxc3 Qa5 11. c4 O-O 12. d5 Bxf3 13. Bxf3 Ne5 14. Be2
N7g6 15. Kh1 Rfe8 16. f4 Nd7 17. Bb2 f6 18. Bh5 Re4 19. Qc2 Nc5 20. a4 Nxf4 21.
Bf3 Ree8 22. Bd4 Rad8 23. Qf5 Nfe6 24. dxe6 Rxd4 25. Bd5 c6 26. Qf2 Qc3 27. Rac1
Qd3 28. Bf3 Qd2 29. Qg1 Rdd8 30. Rfd1 Qa5 31. Rxd8 Rxd8 32. e7 Re8 33. Re1 Nd7
34. h3 Ne5 35. Bh5 Rxe7 36. Bd1 Qb6 0-1

[Event "Titled Tue 1st Jul Early"]
[Site "chess.com INT"]
[Date "2025.07.01"]
[Round "8"]
[White "Begunov, Konstantin"]
[Black "Sharapov, Yevhen"]
[Result "0-1"]
[WhiteTitle "FM"]
[BlackTitle "GM"]
[WhiteElo "2325"]
[BlackElo "2375"]
[WhiteFideId "4118510"]
[BlackFideId "14103133"]
[EventDate "2025.07.01"]

1. d4 d5 2. c4 c6 3. Nc3 Nf6 4. Nf3 e6 5. cxd5 exd5 6. Bg5 h6 7. Bh4 Be7 8. e3
Bf5 9. Bd3 Bxd3 10. Qxd3 Nbd7 11. O-O O-O 12. Rab1 a5 13. a3 a4 14. Rfe1 Re8 15.
Rbc1 Nb6 16. Nd2 Qd7 17. f3 Ne4 18. Bxe7 Nxd2 19. Bc5 Ndc4 20. Bxb6 Nxb6 21. e4
dxe4 22. fxe4 Rad8 23. Rcd1 Qe6 24. h3 Qb3 25. Re2 Nc4 26. Qf3 Ne5 27. Qf5 Ng6
28. Rd3 Qc4 29. Red2 b5 30. Qg4 Ne5 31. Qd1 Nxd3 32. Rxd3 c5 33. d5 b4 34. axb4
cxb4 35. Nxa4 Qxe4 36. Nb6 Qe1+ 37. Kh2 Qxd1 38. Rxd1 Re2 39. b3 Re3 40. d6 Rxb3
41. d7 Rc3 42. Rd4 b3 43. Rb4 Kf8 0-1

[Event "Titled Tue 1st Jul Early"]
[Site "chess.com INT"]
[Date "2025.07.01"]
[Round "8"]
[White "Bukreev, Stanislav"]
[Black "Palczert, Matyas"]
[Result "1-0"]
[WhiteTitle "FM"]
[BlackTitle "FM"]
[WhiteElo "2305"]
[BlackElo "2396"]
[WhiteFideId "34252347"]
[BlackFideId "784958"]
[EventDate "2025.07.01"]

1. d4 Nf6 2. c4 g6 3. Nf3 Bg7 4. Nc3 d5 5. cxd5 Nxd5 6. e4 Nxc3 7. bxc3 c5 8.
Be3 O-O 9. Qd2 Qa5 10. Rc1 Bg4 11. d5 Nd7 12. c4 Qc7 13. Be2 Nf6 14. Bf4 Qd8 15.
Bd3 Bxf3 16. gxf3 Nd7 17. O-O e6 18. Kh1 Be5 19. Bxe5 Nxe5 20. f4 Nf3 21. Qe3
Nd4 22. Rb1 b6 23. Rg1 exd5 24. cxd5 Qd7 25. f5 Qd6 26. Qg3 Qxg3 27. Rxg3 Rac8
28. Ba6 Rce8 29. f3 Kg7 30. a4 Kf6 31. fxg6 fxg6 32. Re1 Ke5 33. Rg5+ Kd6 34.
e5+ Kxd5 35. Kg2 Rf5 36. Rxf5 gxf5 37. f4 c4 38. Rc1 b5 39. axb5 Ne2 40. Rd1+
Ke4 41. Kf2 Nxf4 42. Bb7+ Kxe5 43. Re1+ Kd4 44. Rxe8 c3 45. Ke1 c2 46. Kd2 1-0

[Event "Titled Tue 1st Jul Early"]
[Site "chess.com INT"]
[Date "2025.07.01"]
[Round "8"]
[White "Raptis, Nick"]
[Black "De Lomas Busquets, Alba"]
[Result "1-0"]
[WhiteTitle "FM"]
[BlackTitle "WCM"]
[WhiteElo "2220"]
[BlackElo "1997"]
[WhiteFideId "2016850"]
[BlackFideId "24585289"]
[EventDate "2025.07.01"]

1. d4 d5 2. Nc3 c6 3. e4 dxe4 4. Nxe4 Nf6 5. Nxf6+ exf6 6. Bd3 Bd6 7. Qh5 g6 8.
Qh6 Qe7+ 9. Ne2 Be6 10. O-O Nd7 11. Bf4 O-O-O 12. Rfe1 g5 13. Bg3 Bxg3 14. Nxg3
Qd6 15. c3 Rde8 16. Ne4 Qf8 17. Qxf8 Rexf8 18. b4 Kc7 19. a4 Bd5 20. Ng3 h5 21.
a5 Ra8 22. Nf5 b6 23. Ne3 Be6 24. c4 Nf8 25. axb6+ Kxb6 26. c5+ Kc7 27. b5 cxb5
28. Be4 Rc8 29. Rxa7+ Kd8 30. Rb1 Rb8 31. c6 Ng6 32. c7+ Kc8 33. cxb8=Q+ Kxb8
34. Ra8+ Kc7 35. Rxh8 Ne7 36. Rxb5 Bd7 37. Rc5+ Kd6 38. Rxh5 Ng6 39. Bxg6 fxg6
40. Rh6 Be8 41. Rh7 f5 42. Ra7 f4 43. Nc4+ 1-0

[Event "Titled Tue 1st Jul Early"]
[Site "chess.com INT"]
[Date "2025.07.01"]
[Round "8"]
[White "Cernov, Henrik"]
[Black "Nurgaliyev, Sauat"]
[Result "1/2-1/2"]
[WhiteTitle "FM"]
[BlackTitle "IM"]
[WhiteElo "2258"]
[BlackElo "2404"]
[WhiteFideId "16258312"]
[BlackFideId "13726285"]
[EventDate "2025.07.01"]

1. e4 c5 2. Nf3 d6 3. d4 cxd4 4. Nxd4 Nf6 5. Nc3 a6 6. Rg1 h5 7. h3 g6 8. g4
hxg4 9. hxg4 Bg7 10. Be3 Nc6 11. Be2 Nxg4 12. Bxg4 Bxd4 13. Bxd4 Bxg4 14. Qxg4
Nxd4 15. O-O-O e5 16. Rh1 Rf8 17. Nd5 Ne6 18. Rh6 Qg5+ 19. Qxg5 Nxg5 20. Nc7+
Ke7 21. Nxa8 Rxa8 22. Rh4 Rc8 23. b3 Nf3 24. Rg4 Nd4 25. Rd2 Nf3 26. Rd1 Nd4 27.
Rd2 Rh8 28. c3 Nf3 29. Rd3 Rh1+ 30. Kb2 Nh4 31. Rgg3 Rh2 32. Rd2 Ng2 33. Rgd3
Nf4 34. Rxd6 Rxf2 35. Rd7+ Ke6 36. Rd6+ Ke7 37. Rd7+ Ke8 38. Rd8+ Ke7 39. Rd7+ 1/2-1/2

[Event "Titled Tue 1st Jul Early"]
[Site "chess.com INT"]
[Date "2025.07.01"]
[Round "8"]
[White "Srihari, L R"]
[Black "Arslanov, Shamil"]
[Result "0-1"]
[WhiteTitle "IM"]
[BlackTitle "IM"]
[WhiteElo "2482"]
[BlackElo "2410"]
[WhiteFideId "46617116"]
[BlackFideId "4192826"]
[EventDate "2025.07.01"]

1. e4 e5 2. Nf3 d5 3. exd5 e4 4. Qe2 Nf6 5. Nc3 Be7 6. Nxe4 O-O 7. Nxf6+ Bxf6 8.
Qd3 Re8+ 9. Be2 Na6 10. O-O Nb4 11. Qc4 Nxc2 12. Qxc2 Rxe2 13. Qc4 Re7 14. d3 b6
15. Bf4 Bb7 16. d6 cxd6 17. Nd4 Qd7 18. Bg3 Rc8 19. Qb4 Qg4 20. Nc6 Qxb4 21.
Nxb4 Bxb2 22. Rab1 Bc3 23. Bxd6 Rd7 24. Bg3 Bxb4 25. Rxb4 Rxd3 26. a4 Rc5 27. f3
h5 28. Re1 Rd2 29. Bf4 Ra2 30. Re8+ Kh7 31. h4 Rcc2 32. g4 Rg2+ 33. Kf1 Ba6+ 34.
Ke1 Rg1# 0-1

[Event "Titled Tue 1st Jul Early"]
[Site "chess.com INT"]
[Date "2025.07.01"]
[Round "8"]
[White "Martin Fuentes, Alberto"]
[Black "Ibarra Jerez, Jose Carlos"]
[Result "0-1"]
[WhiteTitle "FM"]
[BlackTitle "GM"]
[WhiteElo "2376"]
[BlackElo "2545"]
[WhiteFideId "2292289"]
[BlackFideId "2226332"]
[EventDate "2025.07.01"]

1. e4 e5 2. Nf3 d6 3. d4 exd4 4. Nxd4 Nf6 5. Nc3 Be7 6. Bf4 O-O 7. Be2 Nc6 8.
O-O Re8 9. Re1 Bf8 10. Nxc6 bxc6 11. Bf3 Nd7 12. e5 d5 13. Qd2 Rb8 14. b3 h6 15.
Rad1 Bb4 16. Ra1 Nf8 17. a3 Be7 18. Na4 Ng6 19. Bg3 Rb5 20. b4 Bf8 21. Rad1 Qg5
22. c4 Rb8 23. cxd5 cxd5 24. Qxg5 hxg5 25. Bxd5 Be6 26. Nc3 Rb6 27. Bxe6 Rexe6
28. Rd7 Rbc6 29. Nb5 Nxe5 30. Rdd1 Nd3 31. Rxe6 Rxe6 32. Nxc7 Rc6 33. Nb5 Nb2
34. Rb1 a6 35. h3 Nd3 36. Nc7 f5 37. Rd1 Nb2 38. Rb1 Nd3 39. Nd5 f4 40. Bh2 Rc2
41. h4 Nxf2 42. hxg5 Nd3 43. Nxf4 Ne5 44. Ne6 Ng4 45. Bf4 Be7 46. Re1 Ra2 47.
Nd4 Rxa3 48. Rxe7 Ra1+ 49. Re1 Rxe1# 0-1

[Event "Titled Tue 1st Jul Early"]
[Site "chess.com INT"]
[Date "2025.07.01"]
[Round "8"]
[White "Ryabukhin, Roman"]
[Black "Gabrielian, Artur"]
[Result "0-1"]
[WhiteTitle "CM"]
[BlackTitle "GM"]
[WhiteElo "2236"]
[BlackElo "2407"]
[WhiteFideId "24257893"]
[BlackFideId "4131002"]
[EventDate "2025.07.01"]

1. d4 Nf6 2. Nc3 d5 3. Bf4 e6 4. Nb5 Na6 5. e3 Be7 6. Nf3 O-O 7. Be2 c6 8. Nc3
c5 9. O-O c4 10. Ne5 Bd7 11. Bf3 b5 12. Nxd7 Qxd7 13. Ne2 Nc7 14. Ng3 Rad8 15.
c3 a5 16. Bxc7 Qxc7 17. e4 dxe4 18. Nxe4 Nd5 19. Qc2 b4 20. Nd2 Rc8 21. g3 Rfd8
22. Rfe1 g6 23. Be2 Nb6 24. Bf3 a4 25. a3 b3 26. Qe4 Nd5 27. Be2 Nb6 28. f4 Bf8
29. Bf1 Qc6 30. Qxc6 Rxc6 31. Bg2 Rc7 32. Rad1 Nd5 33. Bf1 Nb6 34. Re5 Rd5 35.
Rxd5 exd5 36. Bg2 Bd6 37. Re1 Kf8 38. Nf3 f6 39. Nh4 Kf7 40. Bh3 f5 41. Bg2 Re7
42. Rxe7+ Kxe7 43. Nf3 Kd7 44. Ng5 Bxa3 0-1

[Event "Titled Tue 1st Jul Early"]
[Site "chess.com INT"]
[Date "2025.07.01"]
[Round "8"]
[White "Tyukhanov, Alexey"]
[Black "Teterev, Vitaly"]
[Result "0-1"]
[WhiteTitle "CM"]
[BlackTitle "GM"]
[WhiteElo "2218"]
[BlackElo "2248"]
[WhiteFideId "24149829"]
[BlackFideId "13501429"]
[EventDate "2025.07.01"]

1. e4 c6 2. d4 d5 3. exd5 cxd5 4. c3 Nc6 5. Bd3 Qc7 6. h3 e6 7. Nf3 Bd6 8. O-O
Nge7 9. Re1 Bd7 10. Nbd2 f6 11. c4 O-O 12. c5 Bf4 13. Nf1 b6 14. a3 bxc5 15.
dxc5 a5 16. Qc2 h6 17. Ne3 a4 18. Bd2 Kh8 19. Ng4 Bxd2 20. Qxd2 e5 21. Bc2 Qa5
22. Qe3 d4 23. Qd3 Bf5 24. Qd1 Qxc5 25. Rc1 Bxc2 26. Rxc2 Qd5 27. Qc1 Kh7 28.
Rc5 Qd6 29. Nh4 d3 30. Rd1 e4 31. Ne3 Nd4 32. Qc4 f5 33. g3 Rac8 34. Rxc8 Rxc8
35. Qf7 Qf6 36. Qxf6 gxf6 37. Rd2 Rc1+ 38. Kg2 Kg7 39. Kh2 Kf7 40. Kg2 Ke6 41.
Kh2 Rb1 42. Nhg2 Nf3# 0-1

[Event "Titled Tue 1st Jul Early"]
[Site "chess.com INT"]
[Date "2025.07.01"]
[Round "8"]
[White "Nazin, Roman"]
[Black "Birkisson, Bjorn Holm"]
[Result "1/2-1/2"]
[WhiteTitle "CM"]
[BlackTitle "CM"]
[WhiteElo "2250"]
[BlackElo "2159"]
[WhiteFideId "4137167"]
[BlackFideId "2310600"]
[EventDate "2025.07.01"]

1. d4 d5 2. Nf3 Nf6 3. c4 e6 4. Nc3 dxc4 5. e3 a6 6. a4 c5 7. Bxc4 Nc6 8. O-O
cxd4 9. exd4 Be7 10. Bg5 O-O 11. Re1 Nb4 12. Ne5 Nfd5 13. Bxe7 Nxe7 14. Qb3 Ned5
15. Nxd5 Nxd5 16. Bxd5 Qxd5 17. Qxd5 exd5 18. Rac1 Be6 19. Rc7 Rfc8 20. Rec1
Rxc7 21. Rxc7 Rc8 22. Rxc8+ Bxc8 23. a5 Kf8 24. Kf1 Ke7 25. Ke2 Bd7 26. Kd2 Bb5
27. Ke3 f6 28. Nf3 Kd6 29. Nd2 Ba4 30. Nb1 Bc2 31. Nc3 g5 32. g3 h5 33. Kd2 Bb3
34. Ke3 Ke6 35. f3 Kf5 36. h3 Ke6 37. g4 hxg4 38. hxg4 Bc2 39. Kd2 Bb3 40. Ke3
Kd6 41. Kd2 Ke6 42. Ke3 1/2-1/2

[Event "Titled Tue 1st Jul Early"]
[Site "chess.com INT"]
[Date "2025.07.01"]
[Round "8"]
[White "Iskusnyh, Sergei"]
[Black "Bashirli, Saadat"]
[Result "1/2-1/2"]
[WhiteTitle "GM"]
[BlackTitle "WCM"]
[WhiteElo "2440"]
[BlackElo "2005"]
[WhiteFideId "4120027"]
[BlackFideId "13429990"]
[EventDate "2025.07.01"]

1. d4 d5 2. c4 e6 3. g3 Nf6 4. Bg2 c6 5. Nf3 Bd6 6. O-O Nbd7 7. Nfd2 e5 8. cxd5
cxd5 9. Nc3 e4 10. Qb3 Nb6 11. f3 exf3 12. Nxf3 O-O 13. Bg5 Be7 14. Ne5 Be6 15.
Rad1 h6 16. Bf4 Rc8 17. Kh1 Bd6 18. a4 a5 19. Qb5 Bb4 20. Qd3 Nc4 21. Nxc4 Rxc4
22. Nb5 Ne4 23. Qe3 g5 24. Be5 f6 25. Bc7 Rxc7 26. Nxc7 Qxc7 27. Bxe4 dxe4 28.
Qxe4 Qd6 29. Qg6+ Kh8 30. Qxh6+ Kg8 31. Qg6+ Kh8 32. e4 Bg4 33. Qh6+ Kg8 34.
Qg6+ Kh8 35. Qh6+ Kg8 36. e5 Qd5+ 37. Kg1 Bxd1 38. Qg6+ Kh8 39. Qh6+ Kg8 40.
Qg6+ Kh8 41. Qh6+ Kg8 1/2-1/2